Statistics for Premier League 2017-18 Logos

Click here to take the quiz!

General Stats

  • This quiz has been taken 662 times
  • The average score is 17 of 20

Answer Stats

Team % Correct
Arsenal FC
99%
Chelsea FC
90%
Manchester United
90%
Liverpool FC
88%
Tottenham Hotspur
88%
Swansea City
86%
Newcastle United
86%
West Ham United
86%
Leicester City
85%
Everton
85%
Manchester City
84%
Watford
82%
Crystal Palace
80%
Southampton
79%
Stoke City
79%
Bournemouth
78%
Brighton & Hove Albion
76%
West Bromwich Albion
75%
Burnley
74%
Huddersfield Town
63%

Score Distribution

Percentile by Number Answered

Percent of People with Each Score

Your Score History

You have not taken this quiz